000 00687nam a22002297a 4500
003 UA-OsUOA
001 39222
007 ta
008 20060613b un ||||| |||| 00| 0 ukr d
100 _aГолышенко В.С.
090 _a81/34
_bГ62
942 _cBK
040 _aUA-OsUOA
_brus
_cUA-OsUOA
_dUA-OsUOA
245 _aМягкость согласных в языке восточных славян ХІ-ХІІ вв.
300 _a225 с.
955 _a2
041 _arus
080 _a81/34
260 _aМ.
_bНаука
_c1987
650 7 _a8 Мовознавство. Художня література. Літературознавство
_2UDC
999 _c325369
_d325369